00470 2200193 4500001002100000005001500021035002000036245004400056100001600100250000600116856004500122260004100167082000800208084001400216600001000230990001200240990001200252990001200264INLIS00000000000173320250505105704 a0010-05250000251 aMenyibak Langit Menangis /cA. Yuniarti0 aA. Yuniarti a1 aRuang Baca Umum No Klas 800 ( Rak 3,4,5) aYogyakarta :bMita Gama Widya,c1999 a813 a813 A. m 4aFiksi a00.0174 a00.0175 a00.0176